[Event "Hamb Einzelmeisterschaft 2024 Kandidaten"]
[Site "Hamburg"]
[Date "2024.05.26"]
[Round "9.1"]
[White "Schwarzman, Isja"]
[Black "Sell, Eero"]
[Result "0-1"]
[WhiteElo "1875"]
[BlackElo "1843"]
[PlyCount "72"]
[EventDate "2024.??.??"]
[WhiteTeam "Hamburger SK von 1830 eV"]
[BlackTeam "SchVgg Blankenese von 1923 e.V."]

1. e4 d6 2. d4 Nf6 3. Nc3 g6 4. f4 Bg7 5. Nf3 O-O 6. Bd3 Nc6 7. e5 Nd7 8. h4
Nb6 9. h5 dxe5 10. hxg6 hxg6 11. dxe5 Nb4 12. Be3 Nxd3+ 13. cxd3 Bf5 14. Nd4
Qd7 15. Nxf5 Qxf5 16. Qe2 Rfd8 17. O-O-O Nd5 18. Nxd5 Rxd5 19. g4 Qd7 20. d4 e6
21. Qh2 Rd8 22. Rdf1 Qa4 23. Kb1 Qc4 24. Ka1 Ra5 25. a3 Qd3 26. Qf2 b5 27. Rd1
Qb3 28. Qe2 b4 29. Rd3 Qd5 30. f5 Qxh1+ 31. Rd1 Qd5 32. fxg6 fxg6 33. Qd3 bxa3
34. bxa3 Rb8 35. Bc1 Qb3 36. Qxg6 Rxa3+ 0-1

[Event "Hamb Einzelmeisterschaft 2024 Kandidaten"]
[Site "Hamburg"]
[Date "2024.05.26"]
[Round "9.3"]
[White "Johanssen, Torsten"]
[Black "Tietz, Bennit"]
[Result "0-1"]
[WhiteElo "1906"]
[BlackElo "1896"]
[PlyCount "26"]
[EventDate "2024.??.??"]
[WhiteTeam "SC Diogenes e.V."]
[BlackTeam "Hamburger SK von 1830 eV"]

1. c4 e5 2. Nc3 Nc6 3. Nf3 f5 4. d4 e4 5. Ne5 Nf6 6. Bg5 Be7 7. e3 d6 8. Bxf6
Bxf6 9. Qh5+ g6 10. Nxg6 hxg6 11. Qxg6+ Kf8 12. Nd5 Bg5 13. Nxc7 Rh6 0-1

[Event "Hamb Einzelmeisterschaft 2024 Kandidaten"]
[Site "Hamburg"]
[Date "2024.05.26"]
[Round "9.4"]
[White "Schiller, Thomas"]
[Black "Becker-Bertau, Friedrich"]
[Result "1-0"]
[WhiteElo "1852"]
[BlackElo "1932"]
[PlyCount "85"]
[EventDate "2024.??.??"]
[WhiteTeam "SK Johanneum Eppendorf"]
[BlackTeam "Langenhorner SF 1928"]

1. e4 c5 2. c3 e6 3. d4 d5 4. e5 b6 5. Nf3 Ba6 6. Bxa6 Nxa6 7. Qa4+ Qd7 8. Qxa6
c4 9. b4 Ne7 10. Qa3 h5 11. Bg5 a5 12. Nbd2 Nc6 13. O-O Ra7 14. Qb2 axb4 15.
cxb4 Bxb4 16. Nb1 O-O 17. a3 Rfa8 18. Bd2 Be7 19. Nc3 Na5 20. a4 Nb3 21. Rab1
Bb4 22. Nxd5 Qxd5 23. Bxb4 Rxa4 24. Bd6 h4 25. h3 f5 26. Qc3 b5 27. Rfd1 Ra2
28. Nxh4 Re2 29. Rb2 Rxb2 30. Qxb2 Qe4 31. Nf3 Ra4 32. Ng5 Qd5 33. h4 g6 34.
Nf3 b4 35. Rb1 Qe4 36. h5 gxh5 37. Ng5 Qa8 38. Qe2 Ra1 39. Qxh5 Rxb1+ 40. Kh2
Qb7 41. Qe8+ Kg7 42. Bf8+ Kg8 43. Bh6# 1-0

[Event "Hamb Einzelmeisterschaft 2024 Kandidaten"]
[Site "Hamburg"]
[Date "2024.05.26"]
[Round "9.5"]
[White "Atri, Jamshid"]
[Black "Quitzau, Lukas"]
[Result "1-0"]
[WhiteElo "1991"]
[BlackElo "1827"]
[Annotator "Wolff,Stefan"]
[PlyCount "69"]
[EventDate "2024.??.??"]
[WhiteTeam "Hamburger SK von 1830 eV"]
[BlackTeam "Barmbeker SK 1926 eV"]

1. e4 {[%emt 0:00:00]} c6 2. d4 d5 3. exd5 cxd5 4. Bd3 Nc6 5. c3 Nf6 6. Bf4 Bg4
7. Qb3 Qb6 8. Qxb6 axb6 9. Na3 Nh5 10. Bc7 e5 11. dxe5 Nf4 12. Bf1 Bxa3 13.
bxa3 Rxa3 14. Kd2 Kd7 15. Bd6 Ra4 16. g3 Ne6 17. Bb5 Ra5 18. a4 d4 19. f4 Nc5
20. Bxc5 bxc5 21. cxd4 cxd4 22. Ne2 Bxe2 23. Kxe2 Ke6 24. Kd3 Rd8 25. Rhc1 Ne7
26. Rc7 Nd5 27. Rc4 Ne3 28. Rc7 Raa8 29. Ke4 Rac8 30. Rac1 Rxc7 31. Rxc7 f5+
32. Kd3 Nd5 33. Bc4 Ra8 34. Rc5 Rxa4 35. Bxd5+ 1-0

[Event "Hamb Einzelmeisterschaft 2024 Kandidaten"]
[Site "Hamburg"]
[Date "2024.05.26"]
[Round "9.6"]
[White "Laucht, Philipp"]
[Black "Emami, Madjid"]
[Result "1/2-1/2"]
[WhiteElo "1801"]
[BlackElo "1937"]
[PlyCount "25"]
[EventDate "2024.??.??"]
[WhiteTeam "SK Johanneum Eppendorf"]
[BlackTeam "Hamburger SK von 1830 eV"]

1. d4 Nf6 2. Bf4 d6 3. e3 g6 4. Nf3 Bg7 5. h3 O-O 6. Be2 Nbd7 7. O-O c5 8. c3
b6 9. Nbd2 Bb7 10. a4 a6 11. Qb3 Ra7 12. Rfd1 Qa8 13. Bh2 1/2-1/2

[Event "Hamb Einzelmeisterschaft 2024 Kandidaten"]
[Site "Hamburg"]
[Date "2024.05.26"]
[Round "9.7"]
[White "Meyer, Winfried"]
[Black "Gehn, Roland"]
[Result "0-1"]
[WhiteElo "1777"]
[BlackElo "1934"]
[PlyCount "78"]
[EventDate "2024.??.??"]
[WhiteTeam "Langenhorner SF 1928"]
[BlackTeam "SK Union Eimsbuettel eV"]

1. e4 c5 2. Nc3 d6 3. d4 cxd4 4. Qxd4 Nc6 5. Qd2 g6 6. b3 Bg7 7. Bb2 Qa5 8. Bb5
a6 9. Bxc6+ bxc6 10. Nge2 Bg4 11. Nd1 Qxd2+ 12. Kxd2 Nf6 13. f3 Bd7 14. c4 Bh6+
15. Kd3 O-O 16. g4 Rfd8 17. h4 Bg7 18. Ne3 Nxe4 19. Bxg7 Nc5+ 20. Kc2 Kxg7 21.
Rag1 Rac8 22. h5 d5 23. g5 dxc4 24. b4 Nb7 25. Nxc4 Bf5+ 26. Kc1 c5 27. hxg6
cxb4 28. Rxh7+ Kg8 29. Rh4 Na5 30. gxf7+ Kxf7 31. g6+ Bxg6 32. Rgg4 b3 33. axb3
Bf5 34. Rf4 e6 35. Kb2 Nxc4+ 36. bxc4 Rd2+ 37. Kc3 Rxe2 38. Rh7+ Kf6 39. Rfh4
Bxh7 0-1